Pokémon (Gen V) - Statistics

General Stats
  • This quiz has been taken 13 times
  • The average score is 95 of 156
Answer Stats
Dex Pokemon % Correct
494 Victini
100%
633 Deino
83%
502 Dewott
83%
500 Emboar
83%
507 Herdier
83%
635 Hydreigon
83%
647 Keldeo
83%
646 Kyurem
83%
645 Landorus
83%
506 Lillipup
83%
501 Oshawott
83%
515 Panpour
83%
511 Pansage
83%
513 Pansear
83%
504 Patrat
83%
499 Pignite
83%
503 Samurott
83%
497 Serperior
83%
496 Servine
83%
516 Simipour
83%
512 Simisage
83%
514 Simisear
83%
495 Snivy
83%
498 Tepig
83%
639 Terrakion
83%
641 Tornadus
83%
583 Vanillish
83%
582 Vanillite
83%
584 Vanilluxe
83%
640 Virizion
83%
505 Watchog
83%
634 Zweilous
83%
566 Archen
67%
567 Archeops
67%
614 Beartic
67%
606 Beheeyem
67%
522 Blitzle
67%
565 Carracosta
67%
638 Cobalion
67%
563 Cofagrigus
67%
534 Conkeldurr
67%
615 Cryogonal
67%
613 Cubchoo
67%
555 Darmanitan
67%
554 Darumaka
67%
621 Druddigon
67%
578 Duosion
67%
632 Durant
67%
603 Eelektrik
67%
605 Elgyem
67%
597 Ferroseed
67%
598 Ferrothorn
67%
649 Genesect
67%
533 Gurdurr
67%
631 Heatmor
67%
636 Larvesta
67%
542 Leavanny
67%
510 Liepard
67%
517 Munna
67%
518 Musharna
67%
519 Pidove
67%
509 Purrloin
67%
643 Reshiram
67%
545 Scolipede
67%
540 Sewaddle
67%
577 Solosis
67%
508 Stoutland
67%
541 Swadloon
67%
642 Thundurus
67%
532 Timburr
67%
564 Tirtouga
67%
520 Tranquill
67%
602 Tynamo
67%
521 Unfezant
67%
543 Venipede
67%
637 Volcarona
67%
544 Whirlipede
67%
562 Yamask
67%
523 Zebstrika
67%
644 Zekrom
67%
571 Zoroark
67%
570 Zorua
67%
617 Accelgor
50%
591 Amoonguss
50%
531 Audino
50%
610 Axew
50%
550 Basculin
50%
525 Boldore
50%
626 Bouffalant
50%
628 Braviary
50%
609 Chandelure
50%
546 Cottonee
50%
585 Deerling
50%
529 Drilbur
50%
580 Ducklett
50%
604 Eelektross
50%
587 Emolga
50%
589 Escavalier
50%
530 Excadrill
50%
590 Foongus
50%
611 Fraxure
50%
592 Frillish
50%
596 Galvantula
50%
569 Garbodor
50%
526 Gigalith
50%
622 Golett
50%
623 Golurk
50%
574 Gothita
50%
576 Gothitelle
50%
575 Gothorita
50%
612 Haxorus
50%
593 Jellicent
50%
595 Joltik
50%
588 Karrablast
50%
600 Klang
50%
599 Klink
50%
601 Klinklang
50%
608 Lampent
50%
549 Lilligant
50%
607 Litwick
50%
630 Mandibuzz
50%
648 Meloetta
50%
619 Mienfoo
50%
620 Mienshao
50%
536 Palpitoad
50%
548 Petilil
50%
579 Reuniclus
50%
524 Roggenrola
50%
627 Rufflet
50%
539 Sawk
50%
586 Sawsbuck
50%
537 Seismitoad
50%
616 Shelmet
50%
561 Sigilyph
50%
581 Swanna
50%
538 Throh
50%
568 Trubbish
50%
535 Tympole
50%
629 Vullaby
50%
547 Whimsicott
50%
594 Alomomola
33%
625 Bisharp
33%
573 Cinccino
33%
558 Crustle
33%
557 Dwebble
33%
552 Krokorok
33%
553 Krookodile
33%
556 Maractus
33%
572 Minccino
33%
624 Pawniard
33%
551 Sandile
33%
560 Scrafty
33%
559 Scraggy
33%
618 Stunfisk
33%
528 Swoobat
33%
527 Woobat
33%
No matching quizzes found
Score Distribution
Percent of People with Each Score
Percentile by Number Answered
Your Score History
You have not taken this quiz